000 00365nam a2200145Ia 4500
008 240624s9999 xx 000 0 und d
041 _aeng
082 _a658.15224 BRE
100 _aBREALEY RICHARD A
245 _aPRINCIPLES OF CORPORATE FINANCE CONCISE
250 _a(2nd revised)
260 _c2010
_aMcGraw- Hill,2010
300 _a672 p.
365 _cRS
_b29
999 _c30938
_d30938